000 00807nam0a2200265 4500
001 RU\NLR\BIBL_A\022434278
005 20250627130555.0
035 _a(NLR Aleph) 022434278
090 _a13347086
_c13347086
100 _a20250123d1976 |||y0rusy50 ca
101 0 _aeng
102 _aRU
105 _ay a 000yy
181 0 _ai4
_baxxe
182 0 _an
200 1 _aDmitry Shostakovich
_ecomplete catalogue of works
203 _aТекст
_bвизуальный
_cнепосредственный
210 _aMoscow
_cCopyrigh agency of the USSR
_d1976
215 _a[1], 46 с.
_d20
702 1 _4570
_7ba
_8rus
_aŠostakovič
_bD. D.
_f1906-1975
_gDmitrij Dmitrievič
_9219015
_3RU\NLR\AUTH\770219071
852 _aNLR
_j640/C-551
942 _cBOOK
980 _aNB